Wird geladen...

Michelangelo: aathmeeyathayude varnavasantham, Michelangeloyude jeevithavum kalayum

Bibliographische Detailangaben
1. Verfasser: Sujanapal, A; Author
Format: Printed Book
Veröffentlicht: Kozhikode, Mathrubhumi Books 2007
Schlagworte:
LEADER 007020000a22002170004500
020 |a 81-8264-375-9 
040 |a MAL 
082 |a 914.563 204 32P7 
100 |a Sujanapal, A; Author 
245 |a Michelangelo: aathmeeyathayude varnavasantham, Michelangeloyude jeevithavum kalayum 
250
260 |a Kozhikode, Mathrubhumi Books 
260 |c 2007 
460 |a 80p 
465 |a Rs.40.00 
500 |a A Sujanapal 
650 |a Michelangelo Buonarroti-Biography 
650 |a Rome-Travel 
650 |a Voyages and travels 
999 |c 40697  |d 40697 
952 |0 0  |1 0  |4 0  |6 914_563000000000000_204_32P7  |7 0  |8 MAL  |9 41255  |a MGUL  |b MGUL  |d 2013-07-16  |e Rs.40.00  |l 0  |o 914.563 204 32P7  |p 39463  |r 2013-07-16  |w 2013-07-16  |y BK